Aire comprimido : equipos y herramientas neumáticas

Bibliographic Details
Main Author: Carnicer Royo, E.
Format: Section = Libro
Language:Undetermined
Spanish
Published: Barcelona Gustavo Gili 1981
Subjects:
LEADER 00530nam a2200193Ia 4500
008 240829s9999 xx 000 0 und d
020 |a 84-252-1017-8 
040 |a BIBLIOTECA-RUPAP 621.53 C289 
041 |a spa 
082 |a 621.53 C289 
100 1 |a Carnicer Royo, E. 
245 1 0 |a Aire comprimido : equipos y herramientas neumáticas 
260 |a Barcelona  |b Gustavo Gili  |c 1981 
300 |a 300 p. :il. 
650 7 |a AIRE COMPIMIDO 
650 7 |b  HERRAMIENTAS NEUMATICAS. I. Tít. 
942 |c BK  |2 ddc 
991 |a TEXTO 
999 |c 9400